[Event "SCO op"]
[Site "Qingdao"]
[Date "2019.09.23"]
[Round "5"]
[White "Saira, Rafique"]
[Black "Ulziikhishigjargal, Ochirkhuyag"]
[Result "0-1"]
[WhiteElo "1079"]
[BlackElo "2238"]
[PlyCount "70"]
[EventDate "2019.09.19"]
[EventType "swiss"]
[EventRounds "9"]
[EventCountry "CHN"]
[SourceTitle "EXT 2020"]
[Source "ChessBase"]
[SourceDate "2019.10.17"]
[SourceVersion "1"]
[SourceVersionDate "2019.10.17"]
[SourceQuality "1"]

1. e4 e5 2. Nf3 Nc6 3. Bc4 Bc5 4. c3 Nf6 5. d4 exd4 6. cxd4 Bb4+ 7. Bd2 Bxd2+ 8. Nbxd2 d5 9. exd5 Nxd5 10. 0-0 0-0 11. Re1 Nb6 12. Bb3 Nxd4 13. Nxd4 Qxd4 14. Qc1 c6 15. Nf3 Qf6 16. Qd2 Bf5 17. Rad1 Bg4 18. Re3 Rad8 19. Qc3 Rxd1+ 20. Bxd1 Qxc3 21. Rxc3 Rd8 22. Rc1 g6 23. h3 Bxf3 24. Bxf3 Rd2 25. Rb1 Na4 26. Rd1 Rxb2 27. Rd7 Kg7 28. Bd1 Nc5 29. Rd4 Rxa2 30. Rc4 Ra1 31. Rd4 a5 32. Kf1 a4 33. Ke2 a3 34. Rc4 a2 35. Bc2 Rc1 0-1

[Event "Asian Cities-chT"]
[Site "Dhaka"]
[Date "2019.07.14"]
[Round "6.4"]
[White "Saira, Rafique"]
[Black "Arpan, Das"]
[Result "0-1"]
[WhiteElo "1085"]
[BlackElo "2143"]
[PlyCount "80"]
[EventDate "2019.07.10"]
[EventType "team-swiss"]
[EventRounds "9"]
[EventCountry "BAN"]
[SourceTitle "EXT 2020"]
[Source "ChessBase"]
[SourceDate "2019.10.17"]
[SourceVersion "1"]
[SourceVersionDate "2019.10.17"]
[SourceQuality "1"]
[WhiteTeam "Pakpattan City"]
[BlackTeam "Kolkata"]
[WhiteTeamCountry "PAK"]
[BlackTeamCountry "IND"]

1. e4 c5 2. Nf3 d6 3. d4 cxd4 4. Nxd4 Nf6 5. Nc3 g6 6. Bc4 Bg7 7. 0-0 0-0 8. Bg5 Nc6 9. Re1 h6 10. Be3 Ng4 11. Nf3 Nxe3 12. Rxe3 Bg4 13. h3 Bxf3 14. Qxf3 Bd4 15. Ree1 Ne5 16. Qe2 Bxc3 17. bxc3 Qc7 18. Bb3 Qxc3 19. Qe3 Qxe3 20. Rxe3 Rac8 21. f4 Nc4 22. Re2 Rc7 23. Rc1 Rfc8 24. Kf1 Kg7 25. g4 b5 26. a4 b4 27. Ke1 Na5 28. Rb1 Rc3 29. Rb2 Nxb3 30. Rxb3 Rxb3 31. cxb3 Rc3 32. Rd2 Rxh3 33. e5 Rh1+ 34. Ke2 Rh2+ 35. Kd3 Rxd2+ 36. Kxd2 h5 37. g5 h4 38. exd6 exd6 39. Ke2 d5 40. Kf3 d4 0-1

[Event "Olympiad Women-42"]
[Site "Baku"]
[Date "2016.09.02"]
[Round "1.52"]
[White "Saira, Rafique"]
[Black "Wafa, Shrook"]
[Result "0-1"]
[WhiteElo "1104"]
[BlackElo "2106"]
[PlyCount "92"]
[EventDate "2016.09.02"]
[EventType "team-swiss"]
[EventRounds "11"]
[EventCountry "AZE"]
[SourceTitle "CBM 174 Extra"]
[Source "ChessBase"]
[SourceDate "2016.10.10"]
[SourceVersion "1"]
[SourceVersionDate "2016.10.10"]
[SourceQuality "1"]
[WhiteTeam "Pakistan (W)"]
[BlackTeam "Egypt (W)"]
[WhiteTeamCountry "PAK"]
[BlackTeamCountry "EGY"]

1. e4 c5 2. Nf3 d6 3. d4 cxd4 4. Nxd4 Nf6 5. Nc3 g6 6. Bb5+ Nbd7 7. 0-0 Bg7 8. Bg5 0-0 9. Qd2 a6 10. Bc4 b5 11. Bd5 Nxd5 12. Nxd5 Nf6 13. Rfe1 Bb7 14. Nxf6+ exf6 15. Bh6 Re8 16. f3 Bxh6 17. Qxh6 d5 18. exd5 Qxd5 19. c3 Rxe1+ 20. Rxe1 b4 21. Nb3 bxc3 22. bxc3 Rc8 23. Qe3 a5 24. Qd4 Kg7 25. Ra1 Qg5 26. Nd2 h5 27. Ne4 Bxe4 28. fxe4 h4 29. h3 Qg3 30. c4 g5 31. Rf1 Rc6 32. Rf3 Qe1+ 33. Rf1 Qe2 34. Rf2 Qxc4 35. Qd5 Qc1+ 36. Rf1 Qe3+ 37. Kh2 Qg3+ 38. Kg1 Rc2 39. e5 Qxe5 40. Qb3 Qe2 41. Qd5 Rxa2 42. Qf3 Qxf3 43. Rxf3 a4 44. Rf1 a3 45. Kh1 Rb2 46. Kg1 a2 0-1